The Volcano of Fire : (Record no. 150129)

MARC details
000 -LEADER
fixed length control field 01592nam a22003497a 4500
005 - DATE AND TIME OF LATEST TRANSACTION
control field 20180223122233.0
010 ## - LCCN (DPL NO)
LC control number B-663899
020 ## - INTERNATIONAL STANDARD BOOK NUMBER
International Standard Book Number 9780545556255
Terms of availability 550.00
035 ## - SYSTEM CONTROL NUMBER
System control number B-663899
037 ## - SOURCE OF ACQUISITION
Stock number dpl
Source of stock number/acquisition PANSY/Ven
082 04 - DEWEY DECIMAL CLASSIFICATION NUMBER
Classification number S
100 1# - MAIN ENTRY--PERSONAL NAME
Personal name Stilton, Geronimo.
245 14 - TITLE STATEMENT
Title The Volcano of Fire :
Remainder of title the fifth adventure in the Kingdom of Fantasy /
Statement of responsibility, etc Geronimo Stilton ; [illustrations by Danilo Barozzi ... [et al.] ; translated by Julia Heim].
260 ## - PUBLICATION, DISTRIBUTION, ETC. (IMPRINT)
Place of publication, distribution, etc New York
Name of publisher, distributor, etc Scholastic,
Date of publication, distribution, etc 2015
270 ## - ADDRESS
Address 557 Broadway
City New York
Postal code N Y 10012
300 ## - PHYSICAL DESCRIPTION
Extent 310p.:
Other physical details col.ill
Dimensions 20cm(Hb)
500 ## - GENERAL NOTE
General note Translation of: Quinto viaggio nel Regno della fantasia.
500 ## - GENERAL NOTE
General note "Based on an original idea by Elisabetta Dami."
520 ## - SUMMARY, ETC.
Summary, etc After receiving a mysterious message summoning him to a meeting, Geronimo Stilton finds himself back in the Kingdom of Fantasy, summoned by the Elves, who want him to travel to the Great Explanatorium to find an answer to the earthquakes that are threatening the Kingdom.
600 10 - SUBJECT ADDED ENTRY--PERSONAL NAME
Personal name Stilton, Geronimo
Form subdivision Juvenile fiction.
650 #0 - SUBJECT ADDED ENTRY--TOPICAL TERM
Topical term or geographic name as entry element Mice
Form subdivision Juvenile fiction.
650 #0 - SUBJECT ADDED ENTRY--TOPICAL TERM
Topical term or geographic name as entry element Elves
Form subdivision Juvenile fiction.
650 #0 - SUBJECT ADDED ENTRY--TOPICAL TERM
Topical term or geographic name as entry element Quests (Expeditions)
Form subdivision Juvenile fiction.
650 #1 - SUBJECT ADDED ENTRY--TOPICAL TERM
Topical term or geographic name as entry element Mice
Form subdivision Fiction.
650 #1 - SUBJECT ADDED ENTRY--TOPICAL TERM
Topical term or geographic name as entry element Elves
Form subdivision Fiction.
650 #1 - SUBJECT ADDED ENTRY--TOPICAL TERM
Topical term or geographic name as entry element Adventure and adventurers
Form subdivision Fiction.
700 1# - ADDED ENTRY--PERSONAL NAME
Personal name Dami, Elisabetta.
700 1# - ADDED ENTRY--PERSONAL NAME
Personal name Barozzi, Danilo,
Relator term ill.
700 1# - ADDED ENTRY--PERSONAL NAME
Personal name Heim, Julia.
942 ## - ADDED ENTRY ELEMENTS (KOHA)
Source of classification or shelving scheme Dewey Decimal Classification
Item type Children Books
Classification part S
Call number suffix STI
Holdings
Withdrawn status Lost status Not for loan Collection code Home library Current library Date acquired Source of acquisition Cost, normal purchase price Full call number Barcode Copy number Cost, replacement price Koha item type
      Fiction Ashok Vihar Ashok Vihar 23/02/2018 PANSY/BL1622/23.02.17/371/15.02.15/01.03.2017 550.00 S STI B-663899 1 550.00 Children Books

© Delhi Public Library
Hit Counter
free hit counter